logo

Bir Sreshtho Munshi Abdur Rouf Library
Jhenaidah Cadet College

Metting Challenges : (Record no. 3986)

MARC details
000 -LEADER
fixed length control field 00618nam a22002297a 4500
001 - CONTROL NUMBER
JCCL Control Number 3986
003 - CONTROL NUMBER IDENTIFIER
JCCL marc code BD-JhCC
005 - DATE AND TIME OF LATEST TRANSACTION
control field 20171210095729.0
008 - FIXED-LENGTH DATA ELEMENTS--GENERAL INFORMATION
fixed length control field 171120s1986 xxuacod| |||| 001 0 eng d
020 ## - INTERNATIONAL STANDARD BOOK NUMBER
International Standard Book Number 0669080411
035 ## - SYSTEM CONTROL NUMBER
system control number (BD-JhCC)3986
040 ## - CATALOGING SOURCE
Original cataloging agency BD-JhCC
Modifying agency BD-JhCC
041 ## - LANGUAGE CODE
Language code of Book eng
082 ## - DEWEY DECIMAL CLASSIFICATION NUMBER
Classification number 428.6
Author mark and Year NEL 1986
100 ## - MAIN ENTRY--PERSONAL NAME
Personal name Nelson-Herber, Joan
245 ## - TITLE STATEMENT
Title Metting Challenges :
Remainder of title Heath American readers /
Statement of responsibility, etc Joan Nelson-Herber
260 ## - PUBLICATION, DISTRIBUTION, ETC. (IMPRINT)
Place of publication, distribution, etc Massachusetts :
Name of publisher, distributor, etc D. C. Heath and Company,
Date of publication, distribution, etc 1986
300 ## - PHYSICAL DESCRIPTION
Pagination 215 p. ;
Other physical details ill. ;
Accompanying material 24 cm.
650 ## - SUBJECT ADDED ENTRY--TOPICAL TERM
Topical term or geographic name as entry element English Language
942 ## - ADDED ENTRY ELEMENTS (KOHA)
Source of classification or shelving scheme Dewey Decimal Classification
Koha item type Books
Holdings
Source of classification or shelving scheme Damaged status Not for loan Home library Current library Shelving location Date of accession Source of acquisition Total Checkouts Full call number Barcode Date last seen Copy number Koha item type
Dewey Decimal Classification     JCC Rouf Library JCC Rouf Library General Stacks 11/20/2017 The Asia Foundation   428.6 NEL 1986 5815 11/20/2017 C- 1 Books

JCC Library | Contacts | JCC Home

Last Update on 23 September 2017
Copyright @ 2017-2020 JCC Rouf Library
Rouf Library, Jhenidah Cadet College (JCC), Bangladesh